Využitie softwaru "ORIGIN" na vyhodnotenie experimentálneho merania = Exploitation software "ORIGIN" to evaluation experimental measurement : Bakalárska práca
Saved in:
| Main Author: | |
|---|---|
| Other Authors: | |
| Format: | Manuscript Book |
| Language: | Slovak |
| Published: |
Trnava :
STU v Bratislave MTF UIAM,
2007
|
| Tags: |
No Tags, Be the first to tag this record!
|
MARC
| LEADER | 00000ntm a22000003a 4500 | ||
|---|---|---|---|
| 001 | stu150613 | ||
| 005 | 20160719155715.6 | ||
| 008 | 071123s2007----xo------------------slo-d | ||
| 040 | |a STU |b slo | ||
| 041 | 0 | |a slo | |
| 044 | |a xo | ||
| 100 | 1 | |a Lietavec, Ondrej |4 aut | |
| 245 | 1 | |a Využitie softwaru "ORIGIN" na vyhodnotenie experimentálneho merania = Exploitation software "ORIGIN" to evaluation experimental measurement : |b Bakalárska práca | |
| 260 | |a Trnava : |b STU v Bratislave MTF UIAM, |c 2007 | ||
| 300 | |a 66 s |c 1 CD-ROM | ||
| 500 | |a Program: Aplikovaná informatika a automatizácia v priemysle | ||
| 700 | 1 | |a Ožvoldová, Miroslava |4 xxx | |
| 996 | |b 284M066844 |c M*BP-2960 |l MMSKP |s P |a 0 |w stu150613_0001 | ||